00698nam a2200193Ia 4500952013700000999001700137003000400154005001700158008004100175020001800216040000900234082002600243100002800269245007800297260005000375300000900425650001200434942005800446 00102ddc40708FICaMESbMEScENGd2019-02-20g595.00l0o823.9140809954 MIS/Op36827r2019-02-20 00:00:00w2019-02-20yBKzGR23R3 c14724d14724OSt20201028101223.0190216s9999||||xx |||||||||||||| ||und|| a9780198067481 coclc a823.9140809954bMIS/O aMisra, Tilottoma 95538 4aThe Oxford Anthology Of Writings From North-East India /cTilottoma Misra bOxford University Press , c2011.aNew Delhi: a298p aEnglish cBK2ddch823.9140809954iMIS/Ok823.9140809954mMIS/O